000
00268nam a2200097Ia 4500
005
20251222175818.0
008
251222s9999||||xx |||||||||||||| ||spa||
082
_a
DVD0070/P59/2002
245
0
_a
Kamchatka: creer no es más que descubrir un par de secretos:
942
_c
DVD
999
_c
40395
_d
40395